Mots par définition #2 - Bijoux - Statistiques

Statistiques générales
  • Ce quiz a été pris 355 fois
  • Le résultat moyen est 11 sur 15
Statistiques - réponses
Genre Définition Bijou % Correct
Nom Masculin Bijou de cou constitué soit de pierres précieuses serties, soit de perles ou de menus objets enfilés, ou encore d'un cercle ou d'une chaîne de métal. Collier
98%
Nom Féminin Bague de métal précieux portée en France à l'annulaire gauche par les personnes mariées. Alliance
95%
Nom Masculin Bijou, rigide ou non, qui se porte autour du bras, du poignet et parfois de la cheville. Bracelet
95%
Nom Féminin Petit appareil portatif, fonctionnant dans toutes les positions, servant à donner l'heure et d'autres indications. Montre
91%
Nom Féminin Bijou muni d'une épingle à fermoir qui permet de l'agrafer sur un vêtement. Broche
81%
Nom Masculin Pratique consistant à percer la peau en certains endroits du corps ou certains organes, pour y fixer un bijou ; ce bijou. Piercing
76%
Nom Féminin Bague dont le dessus s'élargit en plateau gravé d'armoiries ou d'initiales, ou orné d'une pierre enchâssée. Chevalière
75%
Nom Masculin Bijou que l'on porte suspendu à une chaîne de cou. Pendentif
68%
Nom Masculin Petit badge métallique muni d'une pointe de punaise, qui se fixe à un embout à travers un vêtement. Pin's
66%
Nom Masculin Bijou souvent rehaussé de pierreries, qui enserre le haut du front. Diadème
62%
Nom Masculin Petit cercle, généralement de métal, qu'on porte au doigt. Anneau
60%
Nom Féminin Bracelet formé d'une chaîne à mailles aplaties. Gourmette
55%
Nom Masculin Diamant taillé en brillant monté seul, le plus souvent sur une bague. Solitaire
48%
Nom Masculin Collier de métal, de perles, etc., descendant sur la poitrine. Sautoir
46%
Nom Masculin Bijou de forme ovale ou circulaire dans lequel on place un portrait, des cheveux, etc. Médaillon
40%
Aucun quiz correspondant
Distribution des résultats
% des personnes avec chaque résultat
Percentile par nombre de réponses
Votre historique - résultats
Vous n’avez pas pris ce quiz